Estudios sobre el anteproyecto de reforma del Código Penal de la Nación Argentina /
Guardado en:
| Autor Principal: | |
|---|---|
| Otros Autores: | , , , , , , , , , , , |
| Formato: | Libro |
| Idioma: | Spanish |
| Publicado: |
Córdoba :
Universidad Nacional de Córdoba,
2015.
|
| Edición: | 1a. ed. |
| Materias: | |
| Etiquetas: |
Agregar Etiqueta
Sin Etiquetas, Sea el primero en etiquetar este registro!
|
| LEADER | 01184nam a22003135a 4500 | ||
|---|---|---|---|
| 001 | DER.der013695 | ||
| 008 | 180906s2015####ag############000#0#spa#d | ||
| 005 | 20241018121701.0 | ||
| 245 | 1 | 0 | |a Estudios sobre el anteproyecto de reforma del Código Penal de la Nación Argentina / |c coordinado por Ramón Pedro Yanzi Ferreira. |
| 250 | |a 1a. ed. | ||
| 260 | |a Córdoba : |b Universidad Nacional de Córdoba, |c 2015. | ||
| 300 | |a 188 p. | ||
| 500 | |a Dictamen de la Comisión de Especialistas en Derecho Penal y Criminología (Resolución Rectoral Nº 690/2014). | ||
| 020 | |a 9789503312131 | ||
| 100 | 1 | |a Yanzi Ferreira, Ramón Pedro., |e coord. | |
| 700 | 1 | |a Barberá de Riso, María Cristina. | |
| 700 | 1 | |a Cesano, José Daniel. | |
| 700 | 1 | |a Peralta, José Milton. | |
| 700 | 1 | |a Pérez Barberá, Gabriel. | |
| 700 | 1 | |a Cortés, Ana María. | |
| 700 | 1 | |a Montero, Jorge Raúl. | |
| 700 | 1 | |a de la Rúa, Jorge Enrique. | |
| 700 | 1 | |a Tarditti, Aída. | |
| 700 | 1 | |a Cafferatta Nores, José. | |
| 700 | 1 | |a Ferrer, Carlos F. | |
| 700 | 1 | |a Lascano, Carlos Julio. | |
| 700 | 1 | |a Sánchez Freytes, Alejandro Máximo. | |
| 650 | 7 | |a DERECHO PENAL | |
| 859 | |a DERECHO |b BIB. DERECHO |h 345 |i EST |p 008743 | ||
